All US States by Area, with a Map - Statistics

General Stats
  • This quiz has been taken 1,552 times
  • The average score is 28 of 50
Answers on the Map
Answers color-coded by a green-red scale on the quiz's map according to % correct below.
 
Answer Stats
State % Correct
Alaska
100%
California
98%
Texas
98%
Montana
96%
Arizona
92%
Nevada
92%
New Mexico
92%
Colorado
90%
Oregon
88%
Wyoming
85%
Minnesota
73%
Idaho
72%
Utah
72%
Michigan
69%
Kansas
66%
South Dakota
65%
Nebraska
64%
Washington
63%
North Dakota
62%
Oklahoma
61%
Florida
60%
Missouri
60%
Wisconsin
54%
Georgia
52%
Illinois
50%
Iowa
49%
New York
48%
North Carolina
46%
Arkansas
45%
Alabama
42%
Louisiana
41%
Rhode Island
40%
Delaware
39%
Mississippi
39%
Ohio
38%
Pennsylvania
38%
Connecticut
37%
Maryland
37%
Virginia
37%
Indiana
36%
Kentucky
36%
Maine
36%
New Hampshire
36%
Vermont
36%
Hawaii
35%
New Jersey
35%
South Carolina
35%
Tennessee
35%
West Virginia
35%
Massachusetts
34%
No matching quizzes found
Score Distribution
Percent of People with Each Score
Percentile by Number Answered
Your Score History
You have not taken this quiz